000 00219nam a2200121Ia 4500
100 _a#N/A
942 _cBK
654 _avedeo
245 _aBlender Video Tutorial
260 _b#N/A
546 _aENGLISH
999 _c25791
_d25791